[Event "SVK-chT3B2 2324"]
[Site "Slovakia"]
[Date "2024.03.03"]
[Round "9.4"]
[White "Adamik, Jan"]
[Black "Horvath, Alojz"]
[Result "1/2-1/2"]
[WhiteElo "1665"]
[BlackElo "1807"]
[PlyCount "56"]
[EventDate "2023.10.15"]
[EventType "team-tourn"]
[EventRounds "11"]
[EventCountry "SVK"]
[SourceTitle "EXT 2025"]
[Source "ChessBase"]
[SourceDate "2024.10.14"]
[SourceVersion "1"]
[SourceVersionDate "2024.10.14"]
[SourceQuality "1"]
[WhiteTeam "Lehota pod Vtacnikom"]
[BlackTeam "Dubnica nad Vahom V"]
[WhiteTeamCountry "SVK"]
[BlackTeamCountry "SVK"]

1. e4 c5 2. Nf3 Nc6 3. d4 cxd4 4. Nxd4 d6 5. Bc4 g6 6. Be3 Bg7 7. Nc3 Nf6 8. f3 0-0 9. Qd2 Bd7 10. 0-0-0 a6 11. h4 Qc7 12. Bb3 Na5 13. h5 Nxb3+ 14. Nxb3 Nxh5 15. g4 Nf6 16. Bh6 Ne8 17. Bxg7 Nxg7 18. Qh6 f6 19. Nd5 Qd8 20. Qxh7+ Kf7 21. Nf4 Rg8 22. Nxg6 Qb6 23. Qh6 Be6 24. Rd3 Ke8 25. Nf4 Bf7 26. Nd5 Bxd5 27. Rxd5 Kd7 28. Qd2 Ne6 1/2-1/2

[Event "SVK-chT3B2 2324"]
[Site "Slovakia"]
[Date "2024.02.04"]
[Round "7.5"]
[White "Danko, Frantisek"]
[Black "Adamik, Jan"]
[Result "1-0"]
[WhiteElo "1672"]
[BlackElo "1665"]
[PlyCount "105"]
[EventDate "2023.10.15"]
[EventType "team-tourn"]
[EventRounds "11"]
[EventCountry "SVK"]
[SourceTitle "EXT 2025"]
[Source "ChessBase"]
[SourceDate "2024.10.14"]
[SourceVersion "1"]
[SourceVersionDate "2024.10.14"]
[SourceQuality "1"]
[WhiteTeam "Handlova"]
[BlackTeam "Lehota pod Vtacnikom"]
[WhiteTeamCountry "SVK"]
[BlackTeamCountry "SVK"]

1. e4 c5 2. Nf3 d6 3. d4 cxd4 4. Nxd4 Nf6 5. Nc3 g6 6. Be3 Bg7 7. Be2 0-0 8. h4 Bd7 9. g4 Nc6 10. h5 Nxd4 11. Bxd4 Qa5 12. f3 Qg5 13. Qd2 Qxd2+ 14. Kxd2 Bh6+ 15. Be3 Bxe3+ 16. Kxe3 Bc6 17. Rad1 Rac8 18. Rd2 b6 19. Ba6 Rc7 20. hxg6 hxg6 21. Rg1 Kg7 22. f4 Rh8 23. Rg3 Rh4 24. Be2 Bd7 25. g5 Ng4+ 26. Bxg4 Bxg4 27. Nd5 Rb7 28. Rf2 Rh3 29. Rxh3 Bxh3 30. f5 gxf5 31. exf5 f6 32. gxf6+ exf6 33. Rf3 Bxf5 34. Rxf5 Rf7 35. Rf2 Kg6 36. Kf4 Rh7 37. Rg2+ Kf7 38. c4 Rh4+ 39. Rg4 Rh2 40. b3 Rxa2 41. Rg3 Re2 42. Rd3 Rf2+ 43. Ke3 Rh2 44. Nc7 Rh3+ 45. Kd4 Rxd3+ 46. Kxd3 Ke7 47. Ke4 Kd7 48. Nd5 Ke6 49. Nf4+ Kd7 50. Kd5 f5 51. Ne2 Kc7 52. Nd4 Kd7 53. Nxf5 1-0

[Event "SVK-chT3B2 2324"]
[Site "Slovakia"]
[Date "2024.01.21"]
[Round "6.4"]
[White "Vastik, Tomas"]
[Black "Adamik, Jan"]
[Result "1-0"]
[WhiteElo "1637"]
[BlackElo "1665"]
[PlyCount "103"]
[EventDate "2023.10.15"]
[EventType "team-tourn"]
[EventRounds "11"]
[EventCountry "SVK"]
[SourceTitle "EXT 2025"]
[Source "ChessBase"]
[SourceDate "2024.10.14"]
[SourceVersion "1"]
[SourceVersionDate "2024.10.14"]
[SourceQuality "1"]
[WhiteTeam "Belusa"]
[BlackTeam "Lehota pod Vtacnikom"]
[WhiteTeamCountry "SVK"]
[BlackTeamCountry "SVK"]

1. e4 c5 2. Nf3 d6 3. Nc3 Nf6 4. d4 cxd4 5. Nxd4 a6 6. a3 g6 7. g3 Bg7 8. Bg2 0-0 9. 0-0 Bd7 10. Be3 Nc6 11. Rb1 Rc8 12. Qd2 Nxd4 13. Bxd4 Bc6 14. Rfd1 Qa5 15. Bxf6 Bxf6 16. Nd5 Qxd2 17. Nxf6+ exf6 18. Rxd2 f5 19. exf5 Bxg2 20. Kxg2 gxf5 21. c3 Rfe8 22. Rxd6 Kg7 23. Rbd1 Re2 24. Rb6 Rc7 25. Rd5 Re6 26. Rb4 Kg6 27. Rbd4 Re2 28. Rd2 Ree7 29. Kf3 Kf6 30. R2d4 Re5 31. Rxe5 Kxe5 32. g4 fxg4+ 33. Kxg4 f5+ 34. Kh5 Rg7 35. f4+ Ke6 36. Rd2 Rg4 37. Rf2 Kd5 38. h3 Rg3 39. Rd2+ Ke6 40. h4 Rg4 41. Rd4 Rg6 42. Rb4 b5 43. a4 bxa4 44. Rb6+ Kd5 45. Rxg6 hxg6+ 46. Kxg6 Kc4 47. h5 Kb3 48. h6 Kxb2 49. h7 a3 50. h8Q a2 51. c4+ Kb1 52. c5 1-0

[Event "SVK-chT3B2 2324"]
[Site "Slovakia"]
[Date "2023.11.19"]
[Round "4.4"]
[White "Kurtulik, Andrej"]
[Black "Adamik, Jan"]
[Result "1/2-1/2"]
[WhiteElo "1720"]
[BlackElo "1665"]
[PlyCount "45"]
[EventDate "2023.10.15"]
[EventType "team-tourn"]
[EventRounds "11"]
[EventCountry "SVK"]
[SourceTitle "EXT 2025"]
[Source "ChessBase"]
[SourceDate "2024.10.14"]
[SourceVersion "1"]
[SourceVersionDate "2024.10.14"]
[SourceQuality "1"]
[WhiteTeam "Prievidza III"]
[BlackTeam "Lehota pod Vtacnikom"]
[WhiteTeamCountry "SVK"]
[BlackTeamCountry "SVK"]

1. e4 c5 2. d4 cxd4 3. Nf3 d6 4. Nxd4 Nf6 5. Nc3 g6 6. Be3 Bg7 7. Qd2 0-0 8. 0-0-0 Nc6 9. Be2 Bd7 10. Nb3 Rc8 11. Bh6 Ne5 12. Bxg7 Kxg7 13. f3 a5 14. g4 a4 15. g5 axb3 16. gxf6+ Kxf6 17. axb3 Kg7 18. Qd4 Kg8 19. h4 Qa5 20. Nd5 Nc6 21. Qa4 Qc5 22. Qc4 Qa5 23. Qa4 1/2-1/2

[Event "SVK-chT3B2 2324"]
[Site "Slovakia"]
[Date "2023.10.15"]
[Round "1.5"]
[White "Csollar, Tibor"]
[Black "Adamik, Jan"]
[Result "1-0"]
[WhiteElo "1708"]
[BlackElo "1665"]
[PlyCount "109"]
[EventDate "2023.10.15"]
[EventType "team-tourn"]
[EventRounds "11"]
[EventCountry "SVK"]
[SourceTitle "EXT 2025"]
[Source "ChessBase"]
[SourceDate "2024.10.14"]
[SourceVersion "1"]
[SourceVersionDate "2024.10.14"]
[SourceQuality "1"]
[WhiteTeam "Chynorany"]
[BlackTeam "Lehota pod Vtacnikom"]
[WhiteTeamCountry "SVK"]
[BlackTeamCountry "SVK"]

1. e4 c5 2. Nf3 d6 3. Nc3 Nf6 4. d4 cxd4 5. Nxd4 g6 6. Be3 Bg7 7. Bd3 0-0 8. 0-0 Nc6 9. f4 Qb6 10. Na4 Qa5 11. Nxc6 bxc6 12. c3 Bg4 13. Qc2 Bd7 14. b4 Qh5 15. Be2 Bg4 16. Bf3 a5 17. Rae1 axb4 18. Nb6 Ra3 19. cxb4 Qb5 20. Nc4 Ra6 21. Bd2 Be6 22. Be2 Qa4 23. Qd3 Bxc4 24. Qxc4 Rb6 25. Bd1 Qa3 26. Bb3 Qa6 27. Qc2 Nd7 28. a4 c5 29. b5 Bd4+ 30. Kh1 Qc8 31. Qc4 e6 32. a5 d5 33. exd5 exd5 34. Qxd5 Rxb5 35. Ba4 Rb7 36. a6 Rc7 37. Ba5 Ra7 38. Bb5 Nb8 39. Bb6 Nxa6 40. Bxa7 Nb4 41. Qc4 Qc7 42. Re4 Qxa7 43. Rxd4 cxd4 44. Qxb4 Qb6 45. Qc4 Qf6 46. Qd3 Rd8 47. Bc4 Re8 48. h3 Re3 49. Qd2 Qc6 50. Qxd4 Rxh3+ 51. Kg1 Rg3 52. Qd5 Qc7 53. Qd4 h5 54. Ra1 Qc6 55. Bd5 1-0

[Event "SVK-chT3B2 2223"]
[Site "Slovakia"]
[Date "2022.10.23"]
[Round "1.3"]
[White "Krajci, Marian"]
[Black "Adamik, Jan"]
[Result "1/2-1/2"]
[WhiteElo "1580"]
[BlackElo "1689"]
[PlyCount "68"]
[EventDate "2022.10.23"]
[EventType "team-tourn"]
[EventRounds "11"]
[EventCountry "SVK"]
[SourceTitle "EXT 2024"]
[Source "ChessBase"]
[SourceDate "2023.10.10"]
[SourceVersion "1"]
[SourceVersionDate "2023.10.10"]
[SourceQuality "1"]
[WhiteTeam "Puchov Vcielka"]
[BlackTeam "Lehota pod Vtacnikom"]
[WhiteTeamCountry "SVK"]
[BlackTeamCountry "SVK"]

1. e4 c5 2. Bc4 d6 3. d3 Nf6 4. h3 g6 5. Nf3 Bg7 6. Bd2 Nc6 7. a3 0-0 8. 0-0 a6 9. Bc3 b5 10. Bd5 Bb7 11. Bxf6 Bxf6 12. c3 e6 13. Bxc6 Bxc6 14. Re1 Qc7 15. b4 a5 16. bxc5 dxc5 17. Ra2 b4 18. c4 a4 19. axb4 cxb4 20. d4 b3 21. Ra1 Qb7 22. Qd3 Qb4 23. Ra3 Rfd8 24. Rd1 Qb7 25. Re1 Be7 26. c5 Bxc5 27. Ra1 a3 28. Qe3 b2 29. Ra2 Bb4 30. Re2 Bb5 31. Rc2 Bc6 32. Re2 Bb5 33. Rc2 Bc6 34. Re2 Bb5 1/2-1/2

[Event "SVK-chT3B2 1920"]
[Site "Slovakia"]
[Date "2020.01.19"]
[Round "6.4"]
[White "Adamik, Jan"]
[Black "Sajtlava, Igor"]
[Result "1/2-1/2"]
[WhiteElo "1718"]
[BlackElo "1697"]
[PlyCount "45"]
[EventDate "2019.10.06"]
[EventType "team-tourn"]
[EventRounds "11"]
[EventCountry "SVK"]
[SourceTitle "CBM 195 Extra"]
[Source "ChessBase"]
[SourceDate "2020.05.31"]
[SourceVersion "1"]
[SourceVersionDate "2020.05.31"]
[SourceQuality "1"]
[WhiteTeam "Lehota pod Vtacnikom"]
[BlackTeam "Dubnica nad Vahom III"]
[WhiteTeamCountry "SVK"]
[BlackTeamCountry "SVK"]

1. e4 c6 2. Nf3 d5 3. exd5 cxd5 4. d4 Bg4 5. Bb5+ Nd7 6. 0-0 Ngf6 7. Bf4 e6 8. c3 Be7 9. Nbd2 0-0 10. Bd3 Re8 11. Qc2 Bxf3 12. Nxf3 a6 13. Ne5 Nf8 14. g4 Ng6 15. Nxg6 hxg6 16. Qe2 Bd6 17. Bg3 Qc7 18. f4 Nh7 19. Qc2 Nf8 20. Rac1 g5 21. Qf2 gxf4 22. Bxf4 Bxf4 23. Qxf4 1/2-1/2

[Event "SVK-chT3B2 1819"]
[Site "Slovakia"]
[Date "2019.04.14"]
[Round "11.4"]
[White "Adamik, Jan"]
[Black "Sosovickova, Jana"]
[Result "0-1"]
[WhiteElo "1752"]
[BlackElo "1642"]
[PlyCount "88"]
[EventDate "2018.10.21"]
[EventType "team-tourn"]
[EventRounds "11"]
[EventCountry "SVK"]
[SourceTitle "EXT 2020"]
[Source "ChessBase"]
[SourceDate "2019.10.17"]
[SourceVersion "1"]
[SourceVersionDate "2019.10.17"]
[SourceQuality "1"]
[WhiteTeam "Lehota pod Vtacnikom"]
[BlackTeam "Dubnica nad Vahom IV"]
[WhiteTeamCountry "SVK"]
[BlackTeamCountry "SVK"]

1. e4 e5 2. Nf3 Nc6 3. Bb5 a6 4. Ba4 Nf6 5. 0-0 b5 6. Bb3 Bc5 7. c3 0-0 8. d4 exd4 9. cxd4 Bb4 10. e5 Ne8 11. a3 Be7 12. Nc3 d6 13. h3 dxe5 14. dxe5 Qxd1 15. Rxd1 Na5 16. Bc2 Be6 17. Nd4 c5 18. Nxe6 fxe6 19. Rd7 Bd8 20. Be3 Bc7 21. Bxc5 Rf7 22. Rxf7 Kxf7 23. f4 Rc8 24. Bd4 Nc4 25. Ne4 Nxb2 26. Ng5+ Ke7 27. Bb3 Nc4 28. Bc5+ Kd7 29. Rd1+ Kc6 30. Nxe6 h6 31. Rc1 Kd5 32. Nxc7+ Nxc7 33. Bf2 Ne6 34. g3 Nc5 35. Rd1+ Kc6 36. Bxc4 bxc4 37. Rd6+ Kb5 38. e6 c3 39. Bxc5 Kxc5 40. Rd1 c2 41. Rc1 Kd4 42. Kf2 Kc3 43. Re1 Kb2 44. e7 Re8 0-1

[Event "SVK-chT2B 1718"]
[Site "Slovakia"]
[Date "2017.10.28"]
[Round "1.6"]
[White "Masarik, Drahoslav"]
[Black "Adamik, Jan"]
[Result "1-0"]
[WhiteElo "1902"]
[BlackElo "1717"]
[PlyCount "79"]
[EventDate "2017.10.28"]
[EventType "team-tourn"]
[EventRounds "11"]
[EventCountry "SVK"]
[SourceTitle "CBM 181 Extra"]
[Source "ChessBase"]
[SourceDate "2017.12.12"]
[SourceVersion "1"]
[SourceVersionDate "2017.12.12"]
[SourceQuality "1"]
[WhiteTeam "Trencin"]
[BlackTeam "Lehota pod Vtacnikom"]
[WhiteTeamCountry "SVK"]
[BlackTeamCountry "SVK"]

1. Nf3 Nf6 2. c4 e6 3. Nc3 Bb4 4. g3 0-0 5. Bg2 d5 6. Qb3 Bxc3 7. bxc3 c5 8. 0-0 Nc6 9. cxd5 Qxd5 10. c4 Qh5 11. d3 e5 12. Bb2 Bh3 13. Qxb7 Bxg2 14. Kxg2 Rab8 15. Qxc6 Rxb2 16. Qxc5 Rxe2 17. Rfe1 Rb2 18. Rxe5 Qg6 19. Qd4 Rfb8 20. Rg5 Qh6 21. Rb5 R2xb5 22. cxb5 Qh5 23. a4 Ra8 24. Rc1 Qd5 25. Qxd5 Nxd5 26. Ne5 Kf8 27. Rc5 Ne7 28. Rc7 f6 29. Nc6 Nd5 30. Rxa7 Rxa7 31. Nxa7 Ke8 32. Kf3 Kd7 33. a5 Nb4 34. Ke4 Kc7 35. Kd4 Kb7 36. Nc6 Nc2+ 37. Kc5 Ne1 38. a6+ Ka8 39. b6 Nxd3+ 40. Kd4 1-0

[Event "SVK-chT3B2 1617"]
[Site "Slovakia"]
[Date "2017.04.02"]
[Round "11.5"]
[White "Janicek, Jozef"]
[Black "Adamik, Jan"]
[Result "1/2-1/2"]
[WhiteElo "1602"]
[BlackElo "1730"]
[PlyCount "35"]
[EventDate "2016.10.16"]
[EventType "team-tourn"]
[EventRounds "11"]
[EventCountry "SVK"]
[SourceTitle "EXT 2020"]
[Source "ChessBase"]
[SourceDate "2019.10.17"]
[SourceVersion "1"]
[SourceVersionDate "2019.10.17"]
[SourceQuality "1"]
[WhiteTeam "Belusa"]
[BlackTeam "Lehota pod Vtacnikom"]
[WhiteTeamCountry "SVK"]
[BlackTeamCountry "SVK"]

1. d4 Nf6 2. c4 e6 3. a3 d5 4. e3 c5 5. Nf3 Nc6 6. dxc5 Bxc5 7. b4 Bd6 8. c5 Be5 9. Nxe5 Nxe5 10. Bb2 Ng6 11. Bb5+ Bd7 12. Bxd7+ Kxd7 13. Nd2 Ke7 14. b5 Qa5 15. a4 Ne4 16. f3 Nxd2 17. Qxd2 Qxd2+ 18. Kxd2 1/2-1/2

[Event "SVK-chT3B2 1617"]
[Site "Slovakia"]
[Date "2016.12.18"]
[Round "5.6"]
[White "Adamik, Jan"]
[Black "Rehak, Vladimir"]
[Result "1-0"]
[WhiteElo "1736"]
[BlackElo "1626"]
[PlyCount "69"]
[EventDate "2016.10.16"]
[EventType "team-tourn"]
[EventRounds "11"]
[EventCountry "SVK"]
[SourceTitle "EXT 2018"]
[Source "ChessBase"]
[SourceDate "2017.10.13"]
[SourceVersion "1"]
[SourceVersionDate "2017.10.13"]
[SourceQuality "1"]
[WhiteTeam "Lehota pod Vtacnikom"]
[BlackTeam "Myjava Spartak"]
[WhiteTeamCountry "SVK"]
[BlackTeamCountry "SVK"]

1. e4 c6 2. d4 d5 3. exd5 cxd5 4. Nf3 Nf6 5. Bb5+ Bd7 6. Bd3 Nc6 7. 0-0 g6 8. Bg5 Bg7 9. c3 0-0 10. Nbd2 Re8 11. Re1 Qc7 12. Qb3 e6 13. Rac1 Na5 14. Qc2 Rac8 15. Ne5 b5 16. Nxd7 Qxd7 17. Nf3 a6 18. Qe2 Nc6 19. Ne5 Qb7 20. a4 Na7 21. axb5 axb5 22. Ra1 Nh5 23. Nf3 h6 24. Bd2 Rb8 25. Ra5 Qc7 26. Rea1 Rb7 27. Bxb5 Nxb5 28. Rxb5 Reb8 29. Rxb7 Rxb7 30. Ra8+ Kh7 31. b4 Nf4 32. Qf1 Nh5 33. g3 Nf6 34. Qh3 Rb8 35. Bf4 1-0

[Event "SVK-chT3B2 1516"]
[Site "Slovakia"]
[Date "2016.04.03"]
[Round "11.6"]
[White "Adamik, Jan"]
[Black "Bielik, Jakub"]
[Result "0-1"]
[WhiteElo "1743"]
[BlackElo "1596"]
[PlyCount "64"]
[EventDate "2015.10.11"]
[EventType "team-tourn"]
[EventRounds "11"]
[EventCountry "SVK"]
[SourceTitle "EXT 2018"]
[Source "ChessBase"]
[SourceDate "2017.10.13"]
[SourceVersion "1"]
[SourceVersionDate "2017.10.13"]
[SourceQuality "1"]
[WhiteTeam "Lehota pod Vtacnikom"]
[BlackTeam "Povazske Podhradie"]
[WhiteTeamCountry "SVK"]
[BlackTeamCountry "SVK"]

1. e4 e6 2. Nf3 d5 3. exd5 exd5 4. d4 Bf5 5. Bb5+ c6 6. Bd3 Bxd3 7. Qxd3 Bd6 8. 0-0 Ne7 9. Bg5 0-0 10. Nbd2 Re8 11. Rfe1 Qc7 12. c3 Nd7 13. Re2 Ng6 14. Rae1 Rxe2 15. Qxe2 h6 16. Be3 Re8 17. Qd1 Nf6 18. h3 Qa5 19. a3 Qc7 20. Qa4 a6 21. Qc2 Ne4 22. Nxe4 Rxe4 23. c4 Qe7 24. cxd5 cxd5 25. Qc8+ Kh7 26. Rc1 Bf4 27. Qf5 Rxe3 28. h4 Rxf3 29. gxf3 Bxc1 30. h5 Qg5+ 31. Qxg5 hxg5 32. hxg6+ Kxg6 0-1

[Event "SVK-chT3B2 1516"]
[Site "Slovakia"]
[Date "2016.02.21"]
[Round "8.5"]
[White "Adamik, Jan"]
[Black "Flak, Lubomir"]
[Result "1/2-1/2"]
[WhiteElo "1740"]
[BlackElo "1688"]
[PlyCount "63"]
[EventDate "2015.10.11"]
[EventType "team-tourn"]
[EventRounds "11"]
[EventCountry "SVK"]
[SourceTitle "EXT 2017"]
[Source "ChessBase"]
[SourceDate "2016.10.25"]
[SourceVersion "1"]
[SourceVersionDate "2016.10.25"]
[SourceQuality "1"]
[WhiteTeam "Lehota pod Vtacnikom"]
[BlackTeam "Handlova"]
[WhiteTeamCountry "SVK"]
[BlackTeamCountry "SVK"]

1. e4 c5 2. Nf3 d6 3. d4 cxd4 4. Nxd4 Nf6 5. Nc3 e6 6. Bb5+ Bd7 7. 0-0 Bxb5 8. Ndxb5 a6 9. Nd4 Be7 10. Be3 0-0 11. f3 Qc7 12. Nce2 Nc6 13. c4 Ne5 14. b3 Ng6 15. Rc1 Rac8 16. Qd2 b6 17. Rfd1 Qb7 18. Nc2 b5 19. cxb5 axb5 20. Ncd4 d5 21. exd5 Nxd5 22. Bf2 Ba3 23. Rxc8 Rxc8 24. Qa5 b4 25. Qb5 Qxb5 26. Nxb5 Bb2 27. Rb1 Be5 28. a3 bxa3 29. Nxa3 Ngf4 30. Nxf4 Bxf4 31. Nc4 Nc3 32. Ra1 1/2-1/2

[Event "SVK-chT3B2 1314"]
[Site "Slovakia"]
[Date "2014.03.09"]
[Round "9.1"]
[White "Sklenka, Stanislav"]
[Black "Adamik, Jan"]
[Result "0-1"]
[WhiteElo "1835"]
[BlackElo "1716"]
[PlyCount "96"]
[EventDate "2013.10.13"]
[EventType "team-tourn"]
[EventRounds "14"]
[EventCountry "SVK"]
[SourceTitle "EXT 2015"]
[Source "ChessBase"]
[SourceDate "2014.11.20"]
[SourceVersion "1"]
[SourceVersionDate "2014.11.20"]
[SourceQuality "1"]
[WhiteTeam "Handlova"]
[BlackTeam "Lehota pod Vtacnikom"]
[WhiteTeamCountry "SVK"]
[BlackTeamCountry "SVK"]

1. d4 Nf6 2. c4 e6 3. Nc3 Bb4 4. a3 Bxc3+ 5. bxc3 c5 6. d5 0-0 7. Bg5 h6 8. Bh4 d6 9. Nf3 e5 10. Nd2 Bf5 11. e3 Nbd7 12. Nb3 Qc7 13. Bd3 Bxd3 14. Qxd3 Qb6 15. Rb1 Qa6 16. 0-0 Qxa3 17. Ra1 Qxb3 18. Rfb1 e4 19. Rxb3 exd3 20. Rxb7 Rfb8 21. Rxb8+ Rxb8 22. f3 Rb2 23. Rd1 d2 24. Kf1 Nb6 25. Ke2 Nxc4 26. e4 Rc2 27. g4 Rxc3 28. g5 Nh5 29. Bg3 hxg5 30. Bxd6 Nxd6 31. Rxd2 Nf4+ 32. Kf2 a5 33. e5 Nd3+ 34. Kg3 Nxe5 35. Ra2 Rxf3+ 36. Kg2 Ndc4 37. d6 Rd3 38. h4 gxh4 39. Kh2 Rxd6 40. Ra1 Rd3 41. Rb1 a4 42. Rf1 a3 43. Rf4 a2 44. Rf1 Ra3 45. Ra1 Nd2 46. Re1 Nef3+ 47. Kh1 Nxe1 48. Kh2 a1Q 0-1

[Event "SVK-chT3B2 1112"]
[Site "Slovakia"]
[Date "2012.01.22"]
[Round "6.2"]
[White "Belak, Stefan"]
[Black "Adamik, Jan"]
[Result "1-0"]
[WhiteElo "1996"]
[BlackElo "1780"]
[PlyCount "107"]
[EventDate "2011.10.23"]
[EventType "team-tourn"]
[EventRounds "9"]
[EventCountry "SVK"]
[SourceTitle "EXT 2013"]
[Source "ChessBase"]
[SourceDate "2012.11.22"]
[SourceVersion "1"]
[SourceVersionDate "2012.11.22"]
[SourceQuality "1"]
[WhiteTeam "Povazska Bystrica Sparta II"]
[BlackTeam "Lehota pod Vtacnikom"]
[WhiteTeamCountry "SVK"]
[BlackTeamCountry "SVK"]

1. c4 Nf6 2. Nf3 e6 3. g3 d5 4. Bg2 dxc4 5. Qa4+ Nc6 6. Qxc4 Be7 7. 0-0 0-0 8. b3 Qd5 9. Bb2 Qxc4 10. bxc4 Rb8 11. Nc3 a6 12. Rfc1 Rd8 13. d3 b6 14. h3 Bb7 15. Rd1 Na7 16. a4 Nc6 17. Nd2 Nd4 18. Bxb7 Rxb7 19. Rac1 Bb4 20. Kf1 Be7 21. e3 Nf5 22. Nb3 c6 23. Ke2 b5 24. Na5 Rb6 25. c5 Bxc5 26. Ne4 Nxe4 27. dxe4 Rxd1 28. Kxd1 bxa4 29. Nc4 a3 30. Ba1 Nxe3+ 31. fxe3 Rb8 32. e5 a2 33. Kd2 Rb1 34. Kc2 Rxc1+ 35. Kxc1 a5 36. Kb2 Bb4 37. Kxa2 h5 38. Kb3 Be1 39. g4 hxg4 40. hxg4 Kh7 41. Nd6 Kg6 42. Ne4 Bh4 43. Ka4 f5 44. exf6 gxf6 45. Kxa5 f5 46. gxf5+ Kxf5 47. Nd6+ Kg4 48. Kb6 Bf2 49. Bd4 Kf3 50. Nc4 Ke4 51. Kxc6 e5 52. Bb6 Kd3 53. Kd5 Bg3 54. Nxe5+ 1-0

[Event "SVK-chT3B2 1112"]
[Site "Slovakia"]
[Date "2012.01.08"]
[Round "5.4"]
[White "Adamik, Jan"]
[Black "Miciak, Emanuel"]
[Result "0-1"]
[WhiteElo "1780"]
[BlackElo "1941"]
[PlyCount "66"]
[EventDate "2011.10.23"]
[EventType "team-tourn"]
[EventRounds "9"]
[EventCountry "SVK"]
[SourceTitle "EXT 2013"]
[Source "ChessBase"]
[SourceDate "2012.11.22"]
[SourceVersion "1"]
[SourceVersionDate "2012.11.22"]
[SourceQuality "1"]
[WhiteTeam "Lehota pod Vtacnikom"]
[BlackTeam "Nove Mesto nad Vahom"]
[WhiteTeamCountry "SVK"]
[BlackTeamCountry "SVK"]

1. e4 c5 2. Nf3 Nc6 3. d4 cxd4 4. Nxd4 Nf6 5. Nc3 e5 6. Nxc6 bxc6 7. Bc4 Bb4 8. 0-0 0-0 9. Bd2 Qc7 10. Bd3 d6 11. a3 Ba5 12. b4 Bb6 13. Na4 Be6 14. Nxb6 axb6 15. Bg5 Nd7 16. f4 f6 17. f5 Bf7 18. Be3 b5 19. Qg4 Nb6 20. h4 Kh8 21. h5 Rg8 22. Qh4 Nc4 23. Bxc4 Bxc4 24. Rf3 Qf7 25. g4 h6 26. Qe1 Rgd8 27. c3 d5 28. exd5 Qxd5 29. Kf2 Qe4 30. Kg3 Rd3 31. Rd1 Rad8 32. Rxd3 Rxd3 33. Qc1 Bd5 0-1

[Event "SVK-chT2 5th B03 corr"]
[Site "Slovakia"]
[Date "2002.03.01"]
[Round "1"]
[White "Adamik, Jan"]
[Black "Hlavcak, Stanislav"]
[Result "1/2-1/2"]
[WhiteElo "1857"]
[BlackElo "1843"]
[PlyCount "80"]
[EventDate "2002.??.??"]
[EventType "team (corr)"]
[EventRounds "10"]
[EventCountry "SVK"]
[SourceTitle "Corr 2004"]
[Source "ChessBase"]
[SourceDate "2003.04.28"]
[SourceVersion "3"]
[SourceVersionDate "2003.04.28"]
[SourceQuality "1"]

1. e4 c5 2. Nf3 g6 3. d4 cxd4 4. Nxd4 Bg7 5. Bc4 Nf6 6. e5 Qa5+ 7. Nc3 Qxe5+ 8. Be3 d5 9. Nf3 Qd6 10. Nxd5 Nxd5 11. Qxd5 Qxd5 12. Bxd5 e6 13. Be4 f5 14. Bd3 Bxb2 15. Rb1 Bc3+ 16. Ke2 Nc6 17. Rb3 Bg7 18. Bb5 0-0 19. Rd1 Rd8 20. Rbd3 Rxd3 21. Rxd3 e5 22. Bxc6 bxc6 23. Rd8+ Kf7 24. c4 f4 25. Bc5 Bf6 26. Rf8+ Kg7 27. Re8 g5 28. Kd2 Bb7 29. Rxa8 Bxa8 30. Bxa7 g4 31. Ne1 e4 32. f3 exf3 33. gxf3 h5 34. Bb8 Bg5 35. c5 h4 36. Ke2 g3 37. h3 Bb7 38. Kf1 Kf6 39. Kg2 Ba6 40. a4 Ke6 1/2-1/2

[Event "SVK-chT2 5th B03 corr"]
[Site "Slovakia"]
[Date "2002.03.01"]
[Round "1"]
[White "Adamik, Jan"]
[Black "Hudec, Martin"]
[Result "1/2-1/2"]
[WhiteElo "1857"]
[BlackElo "1500"]
[PlyCount "80"]
[EventDate "2002.??.??"]
[EventType "team (corr)"]
[EventRounds "10"]
[EventCountry "SVK"]
[SourceTitle "Corr 2004"]
[Source "ChessBase"]
[SourceDate "2003.04.28"]
[SourceVersion "3"]
[SourceVersionDate "2003.04.28"]
[SourceQuality "1"]

1. e4 c5 2. Nf3 d6 3. d4 cxd4 4. Nxd4 Nf6 5. Nc3 a6 6. Be2 e5 7. Nf3 h6 8. Be3 Be7 9. 0-0 Be6 10. Ne1 Nbd7 11. f3 Qc7 12. Nd5 Nxd5 13. exd5 Bf5 14. c4 0-0 15. Bd3 Bxd3 16. Qxd3 Rac8 17. b3 Nf6 18. Qe2 Rfe8 19. Nd3 Bf8 20. Nf2 Qe7 21. Rfe1 g6 22. Rac1 Bg7 23. Qd2 Kh7 24. b4 Rcd8 25. Bb6 Rc8 26. f4 Nd7 27. Bd4 Qh4 28. g3 Qd8 29. fxe5 Bxe5 30. Be3 h5 31. Ne4 f6 32. c5 dxc5 33. bxc5 Qe7 34. Nd6 Bxd6 35. cxd6 Qxd6 36. Bf4 Qa3 37. Rxe8 Rxe8 38. Rc7 Re7 39. d6 Rg7 40. Rxb7 Qc5+ 1/2-1/2

[Event "SVK-chT2 5th B03 corr"]
[Site "Slovakia"]
[Date "2002.03.01"]
[Round "2"]
[White "Adamik, Jan"]
[Black "Moravec, Milan"]
[Result "1/2-1/2"]
[WhiteElo "1857"]
[BlackElo "1907"]
[PlyCount "66"]
[EventDate "2002.??.??"]
[EventType "team (corr)"]
[EventRounds "10"]
[EventCountry "SVK"]
[SourceTitle "Corr 2004"]
[Source "ChessBase"]
[SourceDate "2003.04.28"]
[SourceVersion "3"]
[SourceVersionDate "2003.04.28"]
[SourceQuality "1"]

1. e4 c6 2. d4 d5 3. Nc3 dxe4 4. Nxe4 Bf5 5. Ng3 Bg6 6. h4 h6 7. Nf3 Nd7 8. Bd3 Bxd3 9. Qxd3 Qc7 10. Bd2 e6 11. 0-0-0 Ngf6 12. c4 0-0-0 13. Bc3 Bd6 14. Ne4 Nxe4 15. Qxe4 c5 16. Kb1 Kb8 17. Rhe1 Nf6 18. Qc2 Rhg8 19. dxc5 Qxc5 20. Bd4 Qc6 21. c5 Bf4 22. Be5+ Bxe5 23. Rxd8+ Rxd8 24. Nxe5 Qxg2 25. Nxf7 Rd4 26. c6 Qxc6 27. Qxc6 bxc6 28. Rxe6 Rxh4 29. Rxc6 Rf4 30. Nd6 a6 31. Rc8+ Ka7 32. Rc7+ Ka8 33. Rxg7 Kb8 1/2-1/2